NCAA Division 1 Women's Hockey National Champions - Statistics

General Stats
  • This quiz has been taken 25 times
  • The average score is 17 of 24
Answer Stats
Hint Answer % Correct
2024 Ohio State
85%
2022 Ohio State
85%
2025 Wisconsin
85%
2023 Wisconsin
85%
2021 Wisconsin
85%
2019 Wisconsin
85%
2011 Wisconsin
85%
2009 Wisconsin
85%
2007 Wisconsin
85%
2006 Wisconsin
85%
2016 Minnesota
80%
2015 Minnesota
80%
2013 Minnesota
80%
2012 Minnesota
80%
2005 Minnesota
80%
2004 Minnesota
80%
2010 Minnesota Duluth
55%
2008 Minnesota Duluth
55%
2003 Minnesota Duluth
55%
2002 Minnesota Duluth
55%
2001 Minnesota Duluth
55%
2018 Clarkson
40%
2017 Clarkson
40%
2014 Clarkson
40%
No matching quizzes found
Score Distribution
Percent of People with Each Score
Percentile by Number Answered
Your Score History
You have not taken this quiz